Sports Quiz

Random Sports or NBA Quiz

Most Points Scored in an NBA Game Quiz Stats

 Plays Quiz Updated Jul 4, 2019

Support Sporcle.
Go Orange.
Score 0/26 Timer 02:00
3 Plays Today
Points Player % Correct
81Kobe Bryant
98.4%
65Kobe Bryant
98.4%
100Wilt Chamberlain
95%
78Wilt Chamberlain
95%
73Wilt Chamberlain
95%
73Wilt Chamberlain
95%
72Wilt Chamberlain
95%
70Wilt Chamberlain
95%
68Wilt Chamberlain
95%
67Wilt Chamberlain
95%
67Wilt Chamberlain
95%
67Wilt Chamberlain
95%
67Wilt Chamberlain
95%
Points Player % Correct
66Wilt Chamberlain
95%
65Wilt Chamberlain
95%
65Wilt Chamberlain
95%
65Wilt Chamberlain
95%
69Michael Jordan
91.6%
64Michael Jordan
91.6%
70Devin Booker
80%
71David Robinson
45.9%
71Elgin Baylor
34.1%
64Elgin Baylor
34.1%
68Pete Maravich
23.9%
73David Thompson
23.9%
64Rick Barry
16.9%

You're not logged in!

Compare scores with friends on all Sporcle quizzes.
OR
Log In
Forgot?

From the Vault

Missing Middles Medley: E

by MSUKent

When the middle is missing it's like getting a sandwich that's nothing but bread.
Remove Ads.
Support Sporcle.
Get the best of Sporcle when you Go Orange. This ad-free experience offers more features, more stats, and more fun while also helping to support Sporcle. Thank you for becoming a member.

Show Comments

Extras

Top Quizzes Today


Score Distribution

Your Account Isn't Verified!

In order to create a playlist on Sporcle, you need to verify the email address you used during registration. Go to your Sporcle Settings to finish the process.

Report this User

Report this user for behavior that violates our Community Guidelines.

Details: